000049926 001__ 49926
000049926 005__ 20230317220955.0
000049926 0247_ $$2doi$$a10.1007/BF01408743
000049926 0247_ $$2ISSN$$a1434-601X
000049926 0247_ $$2ISSN$$a1434-6001
000049926 0247_ $$2ISSN$$a1431-5831
000049926 037__ $$aGSI-2013-01553
000049926 041__ $$aEnglish
000049926 082__ $$a530
000049926 1001_ $$0P:(DE-HGF)0$$aDohmann, H. -D.$$b0$$eCorresponding author
000049926 245__ $$aHigh resolution spectroscopy of prompt and metastable decaying levels in highly ionized argon, especially of the metastable $^3P_2$-state of $Ar^{16+}$ and the $^4P_{5/2}$-state of $Ar^{15+}$
000049926 260__ $$aBerlin$$bSpringer$$c1978
000049926 3367_ $$0PUB:(DE-HGF)16$$2PUB:(DE-HGF)$$aJournal Article$$bjournal$$mjournal$$s1365435796_1978
000049926 3367_ $$2DRIVER$$aarticle
000049926 3367_ $$2BibTeX$$aARTICLE
000049926 3367_ $$00$$2EndNote$$aJournal Article
000049926 536__ $$0G:(DE-HGF)POF2-899$$a899 - ohne Topic (POF2-899)$$cPOF2-899$$fPOF I$$x0
000049926 588__ $$aDataset connected to CrossRef, repository.gsi.de
000049926 7001_ $$0P:(DE-Ds200)OR0726$$aLiesen, D.$$b1$$ugsi
000049926 7001_ $$0P:(DE-HGF)0$$aPfeng, H.$$b2
000049926 773__ $$0PERI:(DE-600)1459066-9$$a10.1007/BF01408743$$gVol. 285, no. 2, p. 171 - 176$$n2$$p171 - 176$$tThe @European physical journal / A$$v285$$x1434-601X$$y1978
000049926 909CO $$ooai:repository.gsi.de:49926$$pVDB
000049926 9101_ $$0I:(DE-Ds200)20121206GSI$$6P:(DE-HGF)0$$aGSI Helmholtzzentrum für Schwerionenforschung GmbH$$b0$$kGSI
000049926 9101_ $$0I:(DE-Ds200)20121206GSI$$6P:(DE-Ds200)OR0726$$aGSI Helmholtzzentrum für Schwerionenforschung GmbH$$b1$$kGSI
000049926 9101_ $$0I:(DE-Ds200)20121206GSI$$6P:(DE-HGF)0$$aGSI Helmholtzzentrum für Schwerionenforschung GmbH$$b2$$kGSI
000049926 9131_ $$0G:(DE-HGF)POF2-899$$1G:(DE-HGF)POF2-890$$2G:(DE-HGF)POF2-800$$3G:(DE-HGF)POF2$$4G:(DE-HGF)POF$$aDE-HGF$$bProgrammungebundene Forschung$$lohne Programm$$vohne Topic$$x0
000049926 915__ $$0StatID:(DE-HGF)0010$$2StatID$$aJCR/ISI refereed
000049926 915__ $$0StatID:(DE-HGF)0100$$2StatID$$aJCR
000049926 915__ $$0StatID:(DE-HGF)0110$$2StatID$$aWoS$$bScience Citation Index
000049926 915__ $$0StatID:(DE-HGF)0111$$2StatID$$aWoS$$bScience Citation Index Expanded
000049926 915__ $$0StatID:(DE-HGF)0150$$2StatID$$aDBCoverage$$bWeb of Science Core Collection
000049926 915__ $$0StatID:(DE-HGF)0199$$2StatID$$aDBCoverage$$bThomson Reuters Master Journal List
000049926 915__ $$0StatID:(DE-HGF)0200$$2StatID$$aDBCoverage$$bSCOPUS
000049926 915__ $$0StatID:(DE-HGF)0420$$2StatID$$aNationallizenz
000049926 915__ $$0StatID:(DE-HGF)1020$$2StatID$$aDBCoverage$$bCurrent Contents - Social and Behavioral Sciences
000049926 920__ $$lyes
000049926 9201_ $$0I:(DE-Ds200)ATP-20051214OR020$$kATP$$lAtomphysik$$x0
000049926 980__ $$ajournal
000049926 980__ $$aVDB
000049926 980__ $$aI:(DE-Ds200)20110830OR020
000049926 980__ $$aI:(DE-Ds200)ATP-20051214OR020
000049926 980__ $$aUNRESTRICTED